| 000 | 01274am a2200349a 44500 | ||
|---|---|---|---|
| 003 | AR-BaBNM | ||
| 005 | 20251128203848.0 | ||
| 008 | 227019s1965 #AR|||||||||||000 | spa|| | ||
| 040 | _cAR-BaBNM | ||
| 100 | 1 | _aTraxler, Arthur E. | |
| 245 | 1 | 0 | _aLa escuela y las técnicas de la conducción |
| 260 |
_aBuenos Aires _bTroquel _c1965 |
||
| 300 |
_a685 p. _btablas, diagr. |
||
| 500 | _aEsta publicación ha sido preparada conjuntamente por la editorial y el Centro Regional de Ayuda Técnica, Agencia para el Desarrollo Internacional AID, Departamento de Estado del Gobierno de los Estados Unidos de América. El Centro es una organización dedi | ||
| 504 | _aContiene bibliografía al final de cada capítulo | ||
| 650 | 4 | _aROL DEL DOCENTE | |
| 650 | 4 | _aCONDUCCION DE LA CLASE | |
| 650 | 4 | _aTECNICAS DIDACTICAS | |
| 650 | 4 | _aMEJORA PEDAGOGICA | |
| 650 | 4 | _aRELACION ALUMNO-DOCENTE | |
| 650 | 4 | _aRELACION FAMILIA-ESCUELA | |
| 650 | 4 | _aMETODOS DE ENSEÑANZA | |
| 650 | 4 | _aORGANIZACION ESCOLAR | |
| 650 | 4 | _aREGISTROS DE ALUMNOS | |
| 650 | 4 | _aESTUDIOS PSICOLOGICOS | |
| 650 | 4 | _aPRUEBAS DE RENDIMIENTO | |
| 650 | 4 | _aPRUEBAS DE PERSONALIDAD | |
| 650 | 4 | _aTECNICAS SOCIOMETRICAS | |
| 700 | 1 |
_aJasca, Adolfo _etraductor |
|
| 942 | _cBK | ||
| 998 | _csilvi | ||
| 999 |
_c5229 _d5229 |
||